III Jornada tècnica sobre jardineria municipal : la urbanització dels espais públics : comunicacions presentades el dia 21 de novembre al Castell de Montesquiu (Ripollès). Novembre 1986 la urbanització dels espais públics :
Descripción Física:
31 p. : il. ; 30 cm
MARC
| LEADER | 00000nam a2200000Ia 4500 | ||
|---|---|---|---|
| 001 | 2200 | ||
| 008 | 160829s1986 xx 000 0 cat d | ||
| 080 | |a FU-20-6 | ||
| 111 | 2 | |a Jornada Tècnica sobre Jardineria Municipal |n (3a : |d 1986 : |c Castell de Montesquiu, Catalunya) |9 55732 | |
| 245 | |a III Jornada tècnica sobre jardineria municipal : |b la urbanització dels espais públics : |b comunicacions presentades el dia 21 de novembre al Castell de Montesquiu (Ripollès). Novembre 1986 | ||
| 260 | |a Barcelona : |b Diputació de Barcelona. Servei de Parcs Naturals, |c 1986 | ||
| 300 | |a 31 p. : |b il. ; |c 30 cm | ||
| 650 | |a Jardineria |x Congressos |9 32132 | ||
| 650 | |a Arquitectura del paisatge |x Congressos |9 32133 | ||
| 901 | |a Arxiu | ||
| 942 | |n 1 | ||
| 952 | |0 0 |1 0 |4 0 |6 FU206 |7 1 |9 45880 |a Arxiu |b Arxiu |d 2016-12-01 |l 0 |o FU-20-6 |p 2200 |r 2016-12-01 00:00:00 |w 2016-12-01 |y ARXIU | ||
| 999 | |c 49381 |d 49381 | ||